000 01226nam a2200313 i 4500
001 000013437
003 DO-SdBNP
005 20251209114152.0
007 ta
008 091124s1983 dr r 000 0 spa d
040 _aDO-SdBNP
_bspa
_cBNPHU
_erda
041 _aspa
082 4 _a324.66
_bP273c
_222
110 2 _aPartido Reformista Social Cristiano (República Dominicana)
_92630
245 1 0 _aPartido Reformista :
_bcomicios dominicanos de 1982 irregularidades de un proceso electoral. Libro blanco /
_cprólogo, Mario Read Vittini.
264 1 _aSanto Domingo :
_bEditorial Padilla,
_c1983.
300 _a452 páginas ;
_c22 cm.
336 _atexto
_btxt
_2rdacontent
337 _asin mediación
_bn
_2rdamedia
338 _avolumen
_bnc
_2rdacarrier
590 _aInventariado, 2019/MFF
650 0 _aElecciones
_xPrácticas corruptas
_988852
_zRepública Dominicana
650 4 _aElecciones
_zRepública Dominicana
_y1982
_930697
650 4 _aPartidos políticos
_zRepública Dominicana
_xHistoria
_97703
651 0 _aRepública Dominicana
_xPolítica y gobierno
_945
700 1 _aRead Vittini, Mario,
_d1926-2010
_eprologuista
_4pr.
_91841
910 _aVMato Validado. Control de calidad. MMOLINA
942 _2ddc
_cLBS1
999 _c13063
_d13063